Market basket analysis using single dimensoinal data in dataminig / (Record no. 40874)

MARC details
000 -LEADER
fixed length control field 00789nam a22002177a 4500
005 - DATE AND TIME OF LATEST TRANSACTION
control field 20100811111750.0
010 ## - LCCN (DPL NO)
LC control number ENG-99693
020 ## - INTERNATIONAL STANDARD BOOK NUMBER
International Standard Book Number 9788177355147
Terms of availability 35.00
020 ## - INTERNATIONAL STANDARD BOOK NUMBER
International Standard Book Number 8177355147
Terms of availability 35.00
035 ## - SYSTEM CONTROL NUMBER
System control number EN-83225
037 ## - SOURCE OF ACQUISITION
Source of stock number/acquisition DBAD/PUB
082 ## - DEWEY DECIMAL CLASSIFICATION NUMBER
Classification number 338.43664
100 ## - MAIN ENTRY--PERSONAL NAME
Personal name Senthil, S. Azhagu
245 ## - TITLE STATEMENT
Title Market basket analysis using single dimensoinal data in dataminig /
Statement of responsibility, etc by S. Azhagu Senthil
260 ## - PUBLICATION, DISTRIBUTION, ETC. (IMPRINT)
Place of publication, distribution, etc Chennai
Name of publisher, distributor, etc Pavai Publications
Date of publication, distribution, etc 2008
270 ## - ADDRESS
Address 142, Jani Jan Khan Road
City Chennai
Postal code 600014
300 ## - PHYSICAL DESCRIPTION
Extent 68p.
Other physical details ill.
Dimensions 21cm (pbk)
500 ## - GENERAL NOTE
General note Includes index
942 ## - ADDED ENTRY ELEMENTS (KOHA)
Source of classification or shelving scheme Dewey Decimal Classification
Item type English Books
Classification part 338.43664
Call number suffix SEN
Holdings
Withdrawn status Lost status Not for loan Collection code Home library Current library Date acquired Source of acquisition Cost, normal purchase price Full call number Barcode Copy number Cost, replacement price Koha item type
    Not For Loan Non-fiction D.B.Act.Division D.B.Act.Division 11/08/2010 DBAD/PUB 35.00 338.43664 SEN EN-83225 1 35.00 English Books

© Delhi Public Library
Hit Counter
free hit counter